00350 a2200109 4500001001000000005001700010008004100027245006400068100002300132773006800155999001700223ART_5113520260410161810.0260409a 10aEl acuerdo preventivo extrajudicial frente al "coronacrash"1 aMozzi, Germán D.0 tDoctrina Societaria y Concursalg- N° 392 (jul. 2020)wREV4298 c21375d21375